| 000 | 00903cam a2200325La 4500 | ||
|---|---|---|---|
| 001 | 103263 | ||
| 005 | 20230410143157.0 | ||
| 008 | 020731s2010 fr 000 0 fre d | ||
| 035 | _a(OCoLC)ocn695925498 | ||
| 040 |
_aSzZUIDS _bger _cCHVBK |
||
| 020 | _a9782130582236 | ||
| 020 | _a2130582230 | ||
| 029 | 0 |
_aCHVBK _b155444514 |
|
| 035 | _a(OCoLC)695925498 | ||
| 049 | _aGRAL | ||
| 050 | 1 | 4 | _abO32p 2010 |
| 100 | 1 | _aOfferlé, Michel. | |
| 245 | 1 | 4 |
_aLes partis politiques / _cMichel Offerlâe. |
| 250 | _a7e éd. | ||
| 260 |
_aParis : _bPresses universitaires de France, _c2010. |
||
| 300 |
_a127 p : _bill. |
||
| 490 | 1 |
_aQue sais-je? ; _v2376 |
|
| 490 | 1 |
_aQue sais-je ? ; _v2376 |
|
| 504 | _aBibliogr.: p. 124-126. | ||
| 650 | 7 |
_aPartiti. _2sbt |
|
| 830 | 0 |
_aQue sais-je? : le point des connaissances actuelles ; _v2376. |
|
| 942 |
_2lcc _cbk |
||
| 946 | _aINF | ||
| 994 |
_aC0 _bDRFGD |
||
| 999 |
_c97143 _d97143 |
||